El niño y la realidad: tres aspectos del desarrollo
Bewaard in:
| Hoofdauteur: | |
|---|---|
| Formaat: | Boek |
| Taal: | Spaans |
| Gepubliceerd in: |
Barcelona
Paidós
1981
|
| Reeks: | Biblioteca de psicopedagogía
|
| Onderwerpen: | |
| Tags: |
Voeg label toe
Geen labels, Wees de eerste die dit record labelt!
|
MARC
| LEADER | 00000nam a2200000 a 4500 | ||
|---|---|---|---|
| 001 | UCY5657 | ||
| 003 | CL-VaPUC | ||
| 008 | 950512e19810000SP |||||||||||||||||spa|d | ||
| 082 | 0 | 4 | |a 155.4 |b ELK |2 21 |
| 100 | 0 | |a Elkind, David |e author |9 334697 | |
| 245 | 1 | 3 | |a El niño y la realidad: tres aspectos del desarrollo |
| 300 | |a 124 p | ||
| 942 | |c BK | ||
| 945 | |d 19950512 00:00:00 |a mfernand | ||
| 260 | |a Barcelona |b Paidós |c 1981 | ||
| 650 | 0 | |a Psicología del niño |9 307305 | |
| 650 | 7 | |a EGOCENTRISMO |2 CL-VaPUC |9 334698 | |
| 650 | 0 | |a Percepción |9 266750 | |
| 650 | 7 | |a DESARROLLO MORAL |2 CL-VaPUC |9 310605 | |
| 650 | 0 | |a Religión |9 255164 | |
| 650 | 0 | |a Psicología del desarrollo |9 307541 | |
| 650 | 0 | |a Psicología educacional |9 307830 | |
| 583 | |a last modification |c 19950512 00:00:00 |k Rodrigo Vera | ||
| 490 | 0 | |a Biblioteca de psicopedagogía | |
| 999 | |c 233289 |d 233287 | ||
| 952 | |0 0 |1 0 |4 0 |6 155_400000000000000_ELK_1981 |7 0 |8 P |9 238709 |a BIBEDU |b BIBEDU |c BIBEDU_PB |d 2019-11-18 |i 1503499 |o 155.4 ELK 1981 |p 1503499 |r 2024-01-25 |w 2019-11-18 |y BK |k EDU | ||
| 952 | |0 0 |1 0 |4 0 |6 155_400000000000000_ELK_1981 |7 0 |8 P |9 238710 |a BIBEDU |b BIBEDU |c BIBEDU_PB |d 2019-11-18 |i 1503480 |o 155.4 ELK 1981 |p 1503480 |r 2024-01-25 |w 2019-11-18 |y BK |k EDU | ||